000 00262nam a2200109Ia 4500
008 190914s9999||||xx |||||||||||||| ||und||
100 _aMyron W. Lusting
245 0 _aIntercultural Competence
260 _aNew York
_bAddision
_c2000
300 _a906
942 _cBK
999 _c8663
_d8663